000 00325nam a22001457a 4500
008 210514b ||||| |||| 00| 0 eng d
020 _a9781259645730
041 _aeng
080 _a339.138
082 _a339.138
100 _a60
101 _aMAR
245 _aInternational Marketing
_cHumber College
942 _2udc
_cBK
999 _c57309
_d57309